| 000 | 00398nam a22001577a 4500 | ||
|---|---|---|---|
| 003 | OSt | ||
| 005 | 20140310182139.0 | ||
| 008 | 130829t xxu||||| |||| 00| 0 eng d | ||
| 050 |
_aGV 1446 _b.F529 1972 |
||
| 082 |
_aHS 794.1 _b F53 1972 |
||
| 245 | _aTeaches chess | ||
| 260 |
_aNew York : _bBantam Books, Inc, _c 1972. |
||
| 300 |
_a178 p. : _bill. ; _c16 cm |
||
| 942 |
_2lcc _cHS |
||
| 999 |
_c9820 _d9820 |
||